Score 0/122 Timer 15:00
0 Plays Today
State Team % Correct
ArizonaArizona Cardinals
98.4%
MissouriSt. Louis Cardinals
98.4%
CaliforniaLos Angeles Lakers
96.9%
ArizonaPhoenix Suns
96.6%
North CarolinaCarolina Panthers
96.3%
New JerseyNew York Jets
96.3%
FloridaFlorida Panthers
96.3%
CanadaWinnipeg Jets
96.3%
IllinoisChicago White Sox
96%
OhioCincinnati Reds
96%
IllinoisChicago Cubs
96%
FloridaMiami Heat
95.6%
ArizonaArizona Diamondbacks
95.6%
ColoradoDenver Broncos
95.3%
IllinoisChicago Bulls
95.3%
UtahUtah Jazz
95.3%
MassachusettsBoston Red Sox
95.3%
IndianaIndianapolis Colts
95%
IllinoisChicago Bear
94.7%
MassachusettsNew England Patriots
94.7%
New JerseyNew York Giants
94.7%
New YorkNew York Knicks
94.7%
ColoradoDenver Nuggets
94.7%
IndianaIndiana Pacers
94.7%
CaliforniaSacremento Kings
94.7%
CaliforniaSan Francisco Giants
94.7%
CaliforniaOakland Athletics
94.7%
CaliforniaLos Angeles Kings
94.7%
PennsylvaniaPittsburgh Steelers
94.4%
LouisianaNew Orleans Saints
94.4%
FloridaMiami Dolphins
94.4%
MassachusettsBoston Celtics
94.4%
New YorkBrooklyn Nets
94.4%
ColoradoColorado Rockies
94.4%
OhioCleveland Browns
94.1%
GeorgiaAtlanta Falcons
94.1%
MissouriSt. Louis Rams
94.1%
OklahomaOklahoma City Thunder
94.1%
FloridaOrlando Magic
94.1%
TexasTexas Rangers
94.1%
New YorkNew York Rangers
94.1%
State Team % Correct
MinnesotaMinnesota Vikings
93.8%
TexasDallas Cowboys
93.8%
CaliforniaOakland Raiders
93.8%
CaliforniaSan Diego Chargers
93.8%
MichiganDetroit Pistons
93.8%
GeorgiaAtlanta Hawks
93.8%
New YorkNew York Mets
93.8%
GeorgiaAtlanta Braves
93.8%
MichiganDetroit Lions
93.5%
WisconsinGreen Bay Packers
93.5%
TennesseeTennessee Titans
93.5%
PennsylvaniaPhiladelphia Eagles
93.5%
WashingtonSeattle Seahawks
93.5%
New YorkNew York Yankees
93.5%
MarylandWashington Redskins
93.1%
CaliforniaSan Francisco 49ers
93.1%
Washington D.C.Washington Nationals
93.1%
MassachusettsBoston Bruins
93.1%
FloridaTampa Bay Buccaneers
92.8%
CaliforniaLos Angeles Clippers
92.8%
MinnesotaMinnesota Twins
92.8%
MarylandBaltimore Ravens
92.5%
FloridaJacksonville Jaguars
92.5%
MinnesotaMinnesota Timberwolves
92.5%
MichiganDetroit Tigers
92.5%
CanadaToronto Blue Jays
92.5%
LouisianaNew Orleans Pelicans
92.2%
OhioCleveland Cavaliers
92.2%
CaliforniaGolden State Warriors
92.2%
CaliforniaLos Angeles Dodgers
92.2%
FloridaMiami Marlins
92.2%
CaliforniaLos Angeles Angels
91.9%
IllinoisChicago Blackhawks
91.9%
PennsylvaniaPittsburgh Penguins
91.9%
CanadaToronto Raptors
91.9%
OregonPortland Trail Blazers
91.6%
Washington D.C.Washington Wizards
91.6%
OhioCincinatti Bengals
91.3%
OhioCleveland Indians
91.3%
TexasHouston Astros
91.3%
PennsylvaniaPittsburgh Pirates
91.3%
State Team % Correct
MichiganDetroit Red Wings
91.3%
New JerseyNew Jersey Devils
91.3%
FloridaTampa Bay Rays
91%
Washington D.C.Washington Capitals
91%
TexasHouston Rockets
90.7%
PennsylvaniaPhiladelphia 76ers
90.7%
TexasHouston Texans
90.3%
New YorkBuffalo Bills
90.3%
TexasSan Antonio Spurs
90.3%
North CarolinaCharlotte Hornets
90.3%
MarylandBaltimore Orioles
90.3%
WisconsinMilwaukee Brewers
90.3%
MinnesotaMinnesota Wild
90.3%
ColoradoColorado Avalanche
90%
MissouriKansas City Chiefs
89.7%
PennsylvaniaPhiladelphia Phillies
89.7%
TexasDallas Mavericks
89.4%
WisconsinMilwaukee Bucks
89.4%
ArizonaArizona Coyotes
89.1%
CanadaToronto Maple Leafs
89.1%
WashingtonSeattle Mariners
88.8%
TexasDallas Stars
88.8%
MissouriKansas City Royals
88.5%
New YorkNew York Islanders
88.5%
TennesseeMemphis Grizzlies
88.2%
CaliforniaSan Diego Padres
88.2%
PennsylvaniaPhiladelphia Flyers
88.2%
MissouriSt. Louis Blues
87.5%
CaliforniaSan Jose Sharks
87.5%
CanadaMontreal Canadians
87.5%
CaliforniaAnaheim Ducks
87.2%
North CarolinaCarolina Hurricanes
86.9%
CanadaEdmonton Oilers
86.3%
FloridaTampa Bay Lightning
85.4%
New YorkBuffalo Sabres
85%
CanadaVancouver Canucks
84.1%
OhioColumbus Blue Jackets
83.5%
TennesseeNashville Predators
82.9%
CanadaOttawa Senators
81.3%
CanadaCalgary Flames
80.7%
Remove Ads.
Support Sporcle.
Get the best of Sporcle when you Go Orange. This ad-free experience offers more features, more stats, and more fun while also helping to support Sporcle. Thank you for becoming a member.

You're not logged in!

Compare scores with friends on all Sporcle quizzes.
OR
Log In

Show Comments

Extras

Top Quizzes Today


Score Distribution

Your Account Isn't Verified!

In order to create a playlist on Sporcle, you need to verify the email address you used during registration. Go to your Sporcle Settings to finish the process.

Report this User

Report this user for behavior that violates our Community Guidelines.

Details: